1250 1117 1186 1783 1402 1729 1247 1631 1251 1245 1631 1942 1373 1708 1382 1171 1565 1808 1781 1546 1289 1984 1472 1664 1593 1019 1069 1352 1035 1136 1420 1050 1597 1738 1448 1561 1557 1273 1158 1753 1847 1976 1734 1358 1387 1187 1802 1793 1095 1776 1814 1279 1881 1400 1490 1791 1926 1253 1093 1429 1105 1287 1854 1304 1610 1492 1416 1794 1324 1335 1347 1151 1893 1932 1015 1465 1977 1027 1833 1780 1412 1867 1042 1124 1854 1181 1586 1473 1737 1463 1764 1873 1682 1571 1231 1957 1622 1470 1483 BCNSPRNW ULIB Ver.6.0+V

เปลี่ยนเป็นภาษาไทย

Change to English
 แสดงรายละเอียดบรรณานุกรม
  กลับหน้าหลัก

Brief Record : Get Marc (ISO 2709) : E-mail record : QR code < ปิดหน้าต่าง
LEADER : 00000nam 2200000uu 4500
001    13399113983
003     ULIB
008    120120s2552||||th 000 0 tha d
020    ^a9789749900734
050  4 ^aBF128.T35^bจ536จ
245 00 ^aจิตวิทยาทั่วไป /^cคณะผู้เขียน, จิราภา เต็งไตรรัตน์ ...[และคนอื่นๆ]
250    ^aพิมพ์ครั้งที่ 6 แก้ไขเพิ่มเติม
260    ^aกรุงเทพฯ :^bภาควิชาจิตวิทยา คณะศิลปศาสตร์มหาวิทยาลัยธรรมศาสตร์,^c2552
300    ^a(14), 364 หน้า :^bภาพประกอบ ;^c26 ซม.
650  7 ^aการปรับตัว
650  7 ^aจิตวิทยา
650  7 ^aบุคลิกภาพ
650  7 ^aอารมณ์^xจิตวิทยา
700 0  ^aจิราภา เต็งไตรรัตน์
710 2  ^aมหาวิทยาลัยธรรมศาสตร์. ^bคณะศิลปศาสตร์. ^bภาควิชาจิตวิทยา
945    ^p370^l0^i18681
945    ^p370^l0^i19035
995    ^aกัณชพร
999    ^aใช้งานได้ทุกระบบ
รายการนี้ยังไม่มีแท็ก
คุณยังไม่ได้ล็อกอิน คุณสามารถมีกิจกรรมร่วมกับเว็บไซต์ได้ แต่ต้องล็อกอินก่อน ::
  ล็อกอิน

รายการสื่อสารสนเทศ

ลำดับที่ ประเภท เลขเรียก/บาร์โค้ด สถานที่ สถานะ
1. วิทยาศาสตร์การแพทย์ และสุขภาพ
วิทยาศาสตร์การแพทย์ และสุขภาพ
BF128.T35 จ536จ  
  Barcode: 18681
ห้องสมุดวิทยาเขตสวรรค์ประชารักษ์
►หนังสือทั่วไป
บนชั้น

รายการใกล้เคียง
    หัวเรื่อง [การปรับตัว]
    หัวเรื่อง [จิตวิทยา]
    หัวเรื่อง [บุคลิกภาพ]

BibComment


ยังไม่เคยถูกคอมเมนท์

คอมเมนท์ทรัพยากรรายการนี้
  คอมเมนท์: จิตวิทยาทั่วไป ..


 Copyright 2026. Bcnsprnw @Library